Logo CIB grande

Power generation technologies (Registro nro. 237220)

Detalles MARC
000 -LEADER
campo de control de longitud fija 00739nam a2200265Ia 4500
003 - IDENTIFICADOR DE NÚMERO DE CONTROL
campo de control EC-GqESP
005 - FECHA Y HORA DE LA ÚLTIMA TRANSACCIÓN
campo de control 20250917154717.0
008 - DATOS DE LONGITUD FIJA--INFORMACIÓN GENERAL
campo de control de longitud fija 250425s9999 xx 000 0 und d
010 ## - NÚMERO DE CONTROL DE LA BIBLIOTECA DEL CONGRESO
Número de control de LC 110528
020 ## - NÚMERO INTERNACIONAL ESTÁNDAR DEL LIBRO
Número Internacional Estándar del Libro 978-0-08-102631-1
041 ## - CÓDIGO DE IDIOMA
Código de lengua del texto/banda sonora o título independiente eng
082 ## - NÚMERO DE LA CLASIFICACIÓN DECIMAL DEWEY
Número de clasificación 621.3121
Iniciales del Autor BRE
100 ## - ENTRADA PRINCIPAL--NOMBRE DE PERSONA
Nombre de persona Breeze, Paul
245 #0 - MENCIÓN DEL TÍTULO
Título Power generation technologies
250 ## - MENCION DE EDICION
Mención de edición Third edition
260 ## - PUBLICACIÓN, DISTRIBUCIÓN, ETC.
Lugar de publicación, distribución, etc. Cambridge
Nombre del editor, distribuidor, etc. SPRINGER
Fecha de publicación, distribución, etc. Elsevier
300 ## - DESCRIPCIÓN FÍSICA
Extensión 449 páginas
Otras características físicas ilustraciones
Dimensiones 23 cm.
504 ## - NOTA DE BIBLIOGRAFÍA, ETC.
Nota de bibliografía, etc. Nota Incluye referencia bibliográfica e índice
650 ## - PUNTO DE ACCESO ADICIONAL DE MATERIA--TÉRMINO DE MATERIA
Término de materia o nombre geográfico como elemento de entrada Energía Eléctrica
650 ## - PUNTO DE ACCESO ADICIONAL DE MATERIA--TÉRMINO DE MATERIA
Término de materia o nombre geográfico como elemento de entrada Energía nuclear
650 ## - PUNTO DE ACCESO ADICIONAL DE MATERIA--TÉRMINO DE MATERIA
Término de materia o nombre geográfico como elemento de entrada Generación de electricidad
650 ## - PUNTO DE ACCESO ADICIONAL DE MATERIA--TÉRMINO DE MATERIA
Término de materia o nombre geográfico como elemento de entrada Generación de medio ambiente
902 ## - ELEMENTOS DE DATOS B LOCAL, LDB (RLIN)
a Libro
c Impreso
942 ## - ELEMENTOS DE ENTRADA SECUNDARIOS (KOHA)
Tipo de ítem Koha Libros
Existencias
Estatus retirado Estado de pérdida Estado de daño No para préstamo Biblioteca de origen Biblioteca actual Fecha de adquisición Coste, precio normal de compra Etiqueta RFID Total de préstamos Código de barras Copia número Tipo de ítem Koha Nota pública Fuente de la clasificación o esquema de estantería Signatura topográfica completa Visto por última vez Fecha de reemplazo
        CENTRO DE INFORMACIÓN BIBLIOTECARIA CENTRO DE INFORMACIÓN BIBLIOTECARIA 08/11/2019 89.00 0000000000000000034623   71270 2 Libros ESPOL.CIB        
        CENTRO DE INFORMACIÓN BIBLIOTECARIA CENTRO DE INFORMACIÓN BIBLIOTECARIA 16/09/2025   0000000000000000038004   81117 1 Libros CIB Clasificación Decimal Dewey 621.3121 BRE 26/09/2025 17/09/2025

Copyright 2025 ESPOL. Todos los derechos reservados.